Normal view
MARC view
- lessenberry, d-d
Entry Personal Name
001 - CONTROL NUMBER
- control field: 134311
003 - CONTROL NUMBER IDENTIFIER
- control field: NUST
005 - DATE AND TIME OF LATEST TRANSACTION
- control field: 20260504115733.0
008 - FIXED-LENGTH DATA ELEMENTS
- fixed length control field: 260504|| aca||aabn | a|a d
040 ## - CATALOGING SOURCE
- Original cataloging agency: NUST
- Transcribing agency: NUST
100 ## - HEADING--PERSONAL NAME
- Personal name: lessenberry, d-d
670 ## - SOURCE DATA FOUND
- Source citation: Work cat.: (NUST): lessenberry, d-d., College typewriting Complete course /, 1975.
